Statistics for Turkish football players who played in the Premier League.

Click here to take the quiz!

General Stats

  • This quiz has been taken 48 times
  • The average score is 9 of 21

Answer Stats

Team(s)MatchesAnswer% Correct
Leicester City98Caglar Soyuncu
81%
Newcastle United58Emre Belozoglu
72%
Everton - Crystal Palace55Cenk Tosun
70%
Liverpool - Norwich City20Ozan Kabak
67%
Blackburn Rovers233Tugay Kerimoglu
65%
Liverpool7Nuri Sahin
60%
Watford7Ozan Tufan
58%
Middlesbrough - Stoke City - Bolton Wanderers127Tuncay Sanli
58%
Leicester City9Cengiz Under
56%
West Bromwich Albion16Okay Yokuslu
42%
FC Brentford1Halil Dervisoglu
40%
Aston Villa58Alpay Ozalan
35%
West Ham United5Gokhan Tore
35%
Blackburn Rovers9Hakan Sukur
35%
Chelsea - Birmingham - Leicester City248Muzzy Izzet
35%
Blackburn Rovers1Yildiray Basturk
26%
Sheffield United27Colin Kazim-Richards
19%
Reading FC21Jem Karacan
14%
Fulham23Kerim Frei
12%
Blackburn Rovers8Hakan Unsal
9%
Bolton Wanderers1Bulent Akin
5%

Score Distribution

Percentile by Number Answered

Percent of People with Each Score

Your Score History

You have not taken this quiz